| 000 | 00730cam a2200217 4500 | ||
|---|---|---|---|
| 001 | 5818 | ||
| 005 | 20181127180334.0 | ||
| 008 | 060401s2004 ce 000 0 eng | ||
| 010 | _a 2006345773 | ||
| 020 | _a | ||
| 100 |
_aAnandajoti, Bhikkhu. _b _c _d _e _q |
||
| 130 | 0 |
_aCatubhanavara. _lEnglish & Pali. |
|
| 245 | 1 | 0 |
_aDaily chanting : _ba book of daily workship / _cedited & translated by Anandajoti Bhikkhu. |
| 250 |
_a3rd Edition. _b |
||
| 260 |
_aTaiwan : _bThe corporate body of the Buddha educational foundation , _c2014. |
||
| 300 |
_axi, 202 p. ; _c23 cm. |
||
| 546 |
_aEnglish and Pali _b(Pali in roman). |
||
| 650 | 0 |
_aBuddhism _vPrayers and devotions. |
|
| 650 | 0 | _aBuddhist chants. | |
| 999 |
_c4911 _d4911 |
||